000 00716nam a22002537a 4500
008 130706b xxu||||| |||| 00| 0 eng d
020 _a81-219-0815-9
024 _cAvailable
037 _cAvailable
040 _aMBSTU LIBRARY
_dMBSTU LIBRARY
082 _222
_a530 MAE
100 _aMathur, D.S.
245 _aElements of properties of matter : with typical numericals solved.
250 _a1st
260 _aNew Delhi
_bShyam Lal Choritab .
_c1949
300 _a24 cm.
_bvi, 580 page
_f6
_g24 cm.
600 _2Matter.
650 _2Matter.
700 _aMathur, D.S.
270 _aNew Delhi
_bNew Delhi
_dIndia
365 _b385.00
_d385.00
942 _2ddc
_cBK
999 _c563
_d563